[Event "Prague Summer op-B 8th"]
[Site "Prague"]
[Date "2021.08.08"]
[Round "3"]
[White "Svetly, Jiri"]
[Black "Bednar, Jiri"]
[Result "1-0"]
[WhiteElo "1852"]
[BlackElo "1881"]
[PlyCount "37"]
[EventDate "2021.08.06"]
[EventType "swiss"]
[EventRounds "9"]
[EventCountry "CZE"]
[SourceTitle "EXT 2022"]
[Source "ChessBase"]
[SourceDate "2021.10.06"]
[SourceVersion "1"]
[SourceVersionDate "2021.10.06"]
[SourceQuality "1"]

1. d4 Nf6 2. c4 g6 3. Nc3 Bg7 4. e4 d6 5. Bg5 h6 6. Bh4 0-0 7. Bd3 Nc6 8. Nf3 Bg4 9. Be2 Nd7 10. d5 Bxf3 11. gxf3 Nd4 12. f4 Nxe2 13. Qxe2 c6 14. 0-0 Re8 15. f5 Nf6 16. fxg6 fxg6 17. f4 e6 18. dxc6 bxc6 19. e5 1-0

[Event "Olomouc Seniors op"]
[Site "Olomouc"]
[Date "2014.08.05"]
[Round "7"]
[White "Bednar, Jiri"]
[Black "Golcman, Evgeny"]
[Result "1/2-1/2"]
[WhiteElo "1920"]
[BlackElo "2209"]
[PlyCount "43"]
[EventDate "2014.07.30"]
[EventType "swiss"]
[EventRounds "9"]
[EventCountry "CZE"]
[SourceTitle "EXT 2015"]
[Source "ChessBase"]
[SourceDate "2014.11.20"]
[SourceVersion "1"]
[SourceVersionDate "2014.11.20"]
[SourceQuality "1"]

1. d4 f5 2. g3 Nf6 3. Bg2 g6 4. c4 Bg7 5. Nc3 0-0 6. Bg5 Nc6 7. e3 d6 8. Bxf6 Bxf6 9. Nge2 Bd7 10. 0-0 Bg7 11. Qd2 a6 12. b4 Qc8 13. a3 e5 14. d5 Nd8 15. f4 Nf7 16. c5 Qe8 17. Rac1 Qe7 18. c6 Bc8 19. a4 b6 20. Rce1 h6 21. Rf2 Kh7 22. Kh1 1/2-1/2

[Event "Nachod op 11th"]
[Site "Nachod"]
[Date "2013.07.04"]
[Round "6"]
[White "Kuru, Martin"]
[Black "Bednar, Jiri"]
[Result "1-0"]
[WhiteElo "1834"]
[BlackElo "1965"]
[PlyCount "107"]
[EventDate "2013.06.29"]
[EventType "swiss"]
[EventRounds "9"]
[EventCountry "CZE"]
[SourceTitle "CBM 155 Extra"]
[Source "ChessBase"]
[SourceDate "2013.08.26"]
[SourceVersion "1"]
[SourceVersionDate "2013.08.26"]
[SourceQuality "1"]

1. d4 d5 2. Nf3 Nf6 3. e3 e6 4. Bd3 c5 5. c3 Nc6 6. 0-0 Bd6 7. Nbd2 0-0 8. Qe2 e5 9. dxe5 Nxe5 10. Nxe5 Bxe5 11. Nf3 Bc7 12. h3 Re8 13. b3 Qd6 14. Rd1 Qe7 15. Ba3 Bd6 16. Qc2 Bd7 17. c4 dxc4 18. Bxc4 Bc6 19. Be2 b6 20. Bb2 Ne4 21. Bd3 Rad8 22. Rac1 h6 23. Qe2 Ng5 24. Ne1 Ne6 25. Qg4 Qg5 26. Qxg5 Nxg5 27. f4 Ne4 28. Bxe4 Bxe4 29. Kf2 f6 30. Nf3 Kf7 31. Rd2 g5 32. g3 Ke6 33. Rcd1 Be7 34. Rxd8 Rxd8 35. Rxd8 Bxd8 36. Nd2 Kd5 37. g4 b5 38. f5 a6 39. Nxe4 Kxe4 40. Ke2 a5 41. a4 bxa4 42. bxa4 c4 43. Bc3 h5 44. gxh5 Kxf5 45. Kf3 Ke6 46. e4 f5 47. e5 Kf7 48. h6 Kg6 49. e6 Kxh6 50. Bxa5 Be7 51. Bb6 c3 52. Ke2 Kg6 53. a5 Kf6 54. a6 1-0

[Event "Nachod op 11th"]
[Site "Nachod"]
[Date "2013.07.03"]
[Round "5"]
[White "Bednar, Jiri"]
[Black "Horak, Martin"]
[Result "1/2-1/2"]
[WhiteElo "1965"]
[BlackElo "1804"]
[PlyCount "60"]
[EventDate "2013.06.29"]
[EventType "swiss"]
[EventRounds "9"]
[EventCountry "CZE"]
[SourceTitle "CBM 155 Extra"]
[Source "ChessBase"]
[SourceDate "2013.08.26"]
[SourceVersion "1"]
[SourceVersionDate "2013.08.26"]
[SourceQuality "1"]

1. e4 c5 2. Nf3 d6 3. d4 cxd4 4. Qxd4 Nc6 5. Bb5 Bd7 6. Bxc6 Bxc6 7. Nc3 Nf6 8. Bg5 e6 9. 0-0-0 Be7 10. Rhe1 0-0 11. e5 dxe5 12. Qh4 Qc7 13. Nxe5 Rfd8 14. Ng4 Nxg4 15. Bxe7 Rxd1+ 16. Rxd1 Nh6 17. Bd6 Qa5 18. f3 Nf5 19. Qf4 Rd8 20. Rd2 Rxd6 21. Rxd6 Nxd6 22. Qxd6 h6 23. Qd2 Qc5 24. h4 Qc4 25. Qf2 a6 26. Kb1 b5 27. Nd1 a5 28. b3 Qd5 29. Nb2 a4 30. Nd3 axb3 1/2-1/2

[Event "Nachod op 9th"]
[Site "Nachod"]
[Date "2011.07.10"]
[Round "9"]
[White "Bednar, Jiri"]
[Black "Mrovec, Jan"]
[Result "0-1"]
[WhiteElo "1946"]
[BlackElo "2022"]
[PlyCount "120"]
[EventDate "2011.07.02"]
[EventType "swiss"]
[EventRounds "9"]
[EventCountry "CZE"]
[SourceTitle "EXT 2012"]
[Source "ChessBase"]
[SourceDate "2011.11.24"]
[SourceVersion "1"]
[SourceVersionDate "2011.11.24"]
[SourceQuality "1"]

1. e4 c5 2. Nf3 d6 3. d4 cxd4 4. Qxd4 Bd7 5. Be3 Nc6 6. Qd2 Nf6 7. Nc3 e6 8. 0-0-0 a6 9. Bf4 b5 10. Bd3 Qa5 11. Kb1 b4 12. Ne2 e5 13. Bg5 Be6 14. Nc1 Nd7 15. Be3 h6 16. Ne1 Be7 17. g3 d5 18. exd5 Qxd5 19. Rg1 Nf6 20. Be2 Qa5 21. f3 Rd8 22. Ned3 Qc7 23. Qe1 Nd4 24. Nxb4 Bxb4 25. Qxb4 Qxc2+ 26. Ka1 Nd5 27. Qd2 Bf5 28. Bd3 Qxd2 29. Bxd2 Bxd3 30. Nxd3 Nxf3 31. Rgf1 Nxh2 32. Rh1 Nf3 33. Bc1 f6 34. Nc5 Nc7 35. Be3 Ke7 36. Kb1 Rxd1+ 37. Rxd1 Rd8 38. Rc1 Nd5 39. Bf2 Rd6 40. Nb7 Nd2+ 41. Ka1 Rd7 42. Nc5 Rd6 43. Nb7 Re6 44. Rd1 Ne4 45. Bg1 Nc7 46. g4 Rc6 47. Kb1 Ne6 48. Be3 Rc7 49. Na5 Kf7 50. Rd3 Kg6 51. a3 h5 52. Bb6 Rc8 53. gxh5+ Kxh5 54. Nb3 g5 55. Nd2 Nxd2+ 56. Rxd2 Rc6 57. Ba7 g4 58. b4 g3 59. Kb2 Kg4 60. a4 Nd4 0-1

[Event "Nachod op 9th"]
[Site "Nachod"]
[Date "2011.07.08"]
[Round "7"]
[White "Bednar, Jiri"]
[Black "Mojzis, Jaroslav"]
[Result "1/2-1/2"]
[WhiteElo "1946"]
[BlackElo "2194"]
[PlyCount "120"]
[EventDate "2011.07.02"]
[EventType "swiss"]
[EventRounds "9"]
[EventCountry "CZE"]
[SourceTitle "EXT 2012"]
[Source "ChessBase"]
[SourceDate "2011.11.24"]
[SourceVersion "1"]
[SourceVersionDate "2011.11.24"]
[SourceQuality "1"]

1. e4 c5 2. Nf3 d6 3. d4 cxd4 4. Qxd4 a6 5. Be3 Nd7 6. Nc3 Ngf6 7. h3 e6 8. 0-0-0 Be7 9. g4 h6 10. Bg2 Qc7 11. g5 hxg5 12. Nxg5 b5 13. Kb1 Rb8 14. f4 b4 15. Ne2 a5 16. Qd2 Bb7 17. Nd4 Nc5 18. Nb5 Qc6 19. Nxd6+ Bxd6 20. Qxd6 Qxd6 21. Rxd6 Bxe4 22. Rg1 Bxg2 23. Rxg2 Rc8 24. Bxc5 Rxc5 25. Rd8+ Kxd8 26. Nxf7+ Ke8 27. Nxh8 Rh5 28. Ng6 Rxh3 29. a3 bxa3 30. b3 a4 31. Ka2 axb3+ 32. cxb3 Ne4 33. Kxa3 Nc5 34. Rb2 Nd3 35. Rd2 Rg3 36. Ne5 Nxf4 37. Ka4 Nd5 38. b4 Nc3+ 39. Kb3 Nd5+ 40. Rd3 Rxd3+ 41. Nxd3 g5 42. Kc4 Ke7 43. Kd4 Kf6 44. Ke4 Nc7 45. Nf2 Nb5 46. Ng4+ Ke7 47. Ke5 Na7 48. Kd4 Kd6 49. Kc4 Nc8 50. Kd4 Nb6 51. Ne5 Ke7 52. Ng4 Nd7 53. b5 Kd6 54. Nh6 e5+ 55. Ke4 Ke6 56. Kf3 Nf6 57. b6 Kd7 58. Nf7 g4+ 59. Kg3 e4 60. Ne5+ Kc8 1/2-1/2

[Event "Nachod op 9th"]
[Site "Nachod"]
[Date "2011.07.06"]
[Round "5.27"]
[White "Bednar, Jiri"]
[Black "Zastava, Ladislav"]
[Result "1-0"]
[WhiteElo "1946"]
[BlackElo "1685"]
[PlyCount "83"]
[EventDate "2011.07.02"]
[EventType "swiss"]
[EventRounds "9"]
[EventCountry "CZE"]
[SourceTitle "EXT 2012"]
[Source "ChessBase"]
[SourceDate "2011.11.24"]
[SourceVersion "1"]
[SourceVersionDate "2011.11.24"]
[SourceQuality "1"]

1. e4 c6 2. d4 e6 3. f4 Qh4+ 4. g3 Qd8 5. Be3 b5 6. Bd3 g6 7. Nd2 Bg7 8. Ngf3 Bb7 9. Qe2 Na6 10. c3 Ne7 11. 0-0 0-0 12. a4 Nc7 13. axb5 cxb5 14. Bxb5 a6 15. Bd3 d5 16. e5 Qc8 17. g4 h6 18. Nh4 Qd7 19. Ndf3 Qc8 20. Qc2 Bc6 21. f5 Bb5 22. f6 Bxf6 23. exf6 Nc6 24. Bxh6 Bxd3 25. Qxd3 Re8 26. Ne5 Nxe5 27. dxe5 Qb8 28. Qe3 Rd8 29. Bg7 Qa7 30. Qxa7 Rxa7 31. Nf3 Ne8 32. Bh6 Rc8 33. Nd4 Rc4 34. Bd2 Nc7 35. Ra5 Na8 36. Rfa1 Nb6 37. Rxa6 Rxa6 38. Rxa6 Nd7 39. Bf4 Rc8 40. Nc6 Re8 41. Be3 Kh7 42. Ra7 1-0

[Event "Nachod op 9th"]
[Site "Nachod"]
[Date "2011.07.04"]
[Round "3.30"]
[White "Bednar, Jiri"]
[Black "Jandl, Vojtech"]
[Result "1-0"]
[WhiteElo "1946"]
[BlackElo "1646"]
[PlyCount "71"]
[EventDate "2011.07.02"]
[EventType "swiss"]
[EventRounds "9"]
[EventCountry "CZE"]
[SourceTitle "EXT 2012"]
[Source "ChessBase"]
[SourceDate "2011.11.24"]
[SourceVersion "1"]
[SourceVersionDate "2011.11.24"]
[SourceQuality "1"]

1. e4 c5 2. Nf3 d6 3. d4 cxd4 4. Qxd4 Nc6 5. Bb5 Bd7 6. Bxc6 bxc6 7. c4 Qb6 8. Qd3 g6 9. Nc3 Bg7 10. b3 Nf6 11. Be3 Qc7 12. Rc1 0-0 13. 0-0 Qb7 14. Rfd1 Bg4 15. Qe2 h6 16. h3 Be6 17. e5 dxe5 18. Nxe5 Rad8 19. Qf3 Rc8 20. Na4 Bf5 21. Nc5 Qc7 22. Ned3 Rfd8 23. Bf4 Qb6 24. Na4 Qb7 25. Ndc5 Qa8 26. g4 Bd7 27. Rd3 Be8 28. Rcd1 Rxd3 29. Qxd3 Nh7 30. Ne4 e5 31. Bg3 f5 32. Nd6 Rd8 33. gxf5 gxf5 34. Qxf5 Bd7 35. Qf7+ Kh8 36. Bh4 1-0

[Event "Nachod op"]
[Site "Nachod"]
[Date "2009.07.09"]
[Round "6"]
[White "Bednar, Jiri"]
[Black "Kracik, Tomas"]
[Result "0-1"]
[WhiteElo "2115"]
[BlackElo "2115"]
[PlyCount "78"]
[EventDate "2009.07.04"]
[EventType "swiss"]
[EventRounds "9"]
[EventCountry "CZE"]
[SourceTitle "CBM 131 Extra"]
[Source "ChessBase"]
[SourceDate "2009.09.03"]
[SourceVersion "2"]
[SourceVersionDate "2009.09.16"]
[SourceQuality "1"]

1. e4 e6 2. d4 d5 3. Nc3 Nf6 4. Bg5 Be7 5. Bxf6 Bxf6 6. Nf3 0-0 7. Bd3 c5 8. e5 Be7 9. dxc5 Nc6 10. Qe2 Bxc5 11. 0-0 Nb4 12. a3 Nxd3 13. cxd3 Bd7 14. d4 Be7 15. Rfe1 Qb6 16. Rad1 Rfc8 17. Rd3 Rc7 18. Qd2 Rac8 19. Ree3 a5 20. g3 Qa6 21. Ne1 b5 22. Na2 Qb6 23. b4 axb4 24. Nxb4 Rc4 25. Kg2 Qa5 26. Nec2 Qa4 27. Rb3 Qa7 28. Red3 Be8 29. Ne3 R4c7 30. Rdc3 f6 31. f4 fxe5 32. Rxc7 Qxc7 33. fxe5 Bg6 34. Nd1 Rf8 35. Rc3 Qd7 36. Nc6 Bxa3 37. Rxa3 Qxc6 38. Rc3 Qa6 39. Qb2 b4 0-1

[Event "Nachod op"]
[Site "Nachod"]
[Date "2009.07.04"]
[Round "1"]
[White "Jurcik, Marian"]
[Black "Bednar, Jiri"]
[Result "1-0"]
[WhiteElo "2479"]
[BlackElo "1991"]
[PlyCount "93"]
[EventDate "2009.07.04"]
[EventType "swiss"]
[EventRounds "9"]
[EventCountry "CZE"]
[SourceTitle "CBM 131 Extra"]
[Source "ChessBase"]
[SourceDate "2009.09.03"]
[SourceVersion "2"]
[SourceVersionDate "2009.09.16"]
[SourceQuality "1"]

1. e4 e5 2. Nf3 Nc6 3. Bb5 a6 4. Ba4 Nf6 5. 0-0 Be7 6. Qe2 b5 7. Bb3 d6 8. c3 Na5 9. Bc2 c5 10. d4 Qc7 11. Rd1 0-0 12. d5 Bg4 13. h3 Bxf3 14. Qxf3 c4 15. Nd2 Rfc8 16. Nf1 Nb7 17. Ng3 Nc5 18. h4 a5 19. Nf5 Bd8 20. h5 Kh8 21. g4 h6 22. g5 hxg5 23. Bxg5 Nh7 24. Be3 Bg5 25. Bxg5 Nxg5 26. Qg4 f6 27. a3 Qd7 28. Kh1 Re8 29. Rg1 Nb7 30. Rg3 Nd8 31. Qh4 Ndf7 32. Ne3 Rac8 33. Bd1 Nh6 34. a4 Re7 35. Be2 Rc5 36. f3 Qb7 37. Qh2 Rec7 38. axb5 Qxb5 39. Bd1 Rb7 40. Ra2 Rc8 41. Ba4 Qc5 42. Qe2 Rb6 43. Bc6 Rbxc6 44. dxc6 Rxc6 45. Rg1 Nh3 46. Rga1 Nf4 47. Qd2 1-0

[Event "Nachod op 9th"]
[Site "Nachod"]
[Date "2003.??.??"]
[Round "2"]
[White "Novotny, Josef"]
[Black "Bednar, Jiri"]
[Result "1-0"]
[WhiteElo "2075"]
[BlackElo "1865"]
[PlyCount "87"]
[EventDate "2003.??.??"]
[EventType "swiss"]
[EventRounds "9"]
[EventCountry "CZE"]
[SourceTitle "EXT 2007"]
[Source "ChessBase"]
[SourceDate "2006.11.23"]
[SourceVersion "1"]
[SourceVersionDate "2006.11.23"]
[SourceQuality "1"]

1. e3 d5 2. d3 e5 3. b3 Nf6 4. Bb2 Bd6 5. Nd2 0-0 6. Ngf3 Re8 7. e4 c6 8. Be2 Nbd7 9. c4 dxe4 10. dxe4 Nf8 11. 0-0 Ng6 12. Re1 Qe7 13. a3 a5 14. Bd3 Nf4 15. Bb1 h6 16. Rf1 g5 17. c5 Bc7 18. b4 Bg4 19. Re1 axb4 20. axb4 Rxa1 21. Bxa1 Rd8 22. Qb3 Bxf3 23. Nxf3 N6h5 24. Qe3 Kg7 25. Nd2 Ne6 26. Nf1 Qf6 27. Ng3 Nxg3 28. fxg3 Rd7 29. Rf1 Qe7 30. Ba2 Nd8 31. Bb3 Bb8 32. Bb2 b6 33. cxb6 Qxb4 34. Bc3 Qb5 35. Bc2 Rb7 36. Rb1 Qa6 37. h4 Ne6 38. Bd3 Qa4 39. Kh2 gxh4 40. gxh4 Nd4 41. Bd2 c5 42. Qxh6+ Kg8 43. Bg5 Ne6 44. Bf6 1-0